00549nam a2200157Ia 4500008004100000020002200041082001600063100003400079245003400113260003300147300001000180500002800190650005100218952010500269999001700374120622s9999 xx 000 0 und d a978-84-206-3312-1 a860.8 B732f aBorges, Jorge Luis, 1899-1986 aFicciones / Jorge Luis Borges aMéxico : Alianza Editorial a218 p aIncluye índice p. 217 a1. NOVELA ARGENTINA 2. LITERATURA ARGENTINAÌ 00104070a01b01d2009-09-17l2o860.8 B732Fp01 011939r2018-11-12s2018-11-12t1w2012-06-24yLB c60943d60943